000 00346nam a22001457a 4500
003 OSt
005 20220216100848.0
008 220216b |||||||| |||| 00| 0 eng d
020 _a9788189866273
040 _cH U
082 _a629.8
100 _aNarasimham R, L.
_930642
245 _aAnalysis Of Linear Control Systems
942 _2ddc
_cBOOKS
_n0
999 _c30530
_d30530